World Capitals Closest to Damascus - Statistics

General Stats
  • This quiz has been taken 117 times
  • The average score is 11 of 14
Answer Stats
km Capital miles % Correct
85 Beirut 53
96%
750 Baghdad 466
94%
774 Ankara 481
91%
217 Jerusalem 135
91%
613 Cairo 381
87%
173 Amman 108
84%
1407 Riyadh 874
84%
1405 Tehran 873
83%
327 Nicosia 203
76%
1236 Athens 768
75%
1198 Kuwait City 744
75%
1040 Yerevan 646
72%
1423 Baku 884
71%
1178 Tbilisi 732
67%
No matching quizzes found
Score Distribution
Percent of People with Each Score
Percentile by Number Answered
Your Score History
You have not taken this quiz